|
|
|
|
| LEADER |
01893cas a2200253 a 4500 |
| 001 |
AALejournalIMF007174 |
| 008 |
230101c9999 xx r poo 0 0eng d |
| 020 |
|
|
|c 5.00 USD
|
| 020 |
|
|
|z 9781455261383
|
| 022 |
|
|
|a 1018-5941
|
| 040 |
|
|
|a BD-DhAAL
|c BD-DhAAL
|
| 100 |
1 |
|
|a Lebrun, Igor.
|
| 245 |
1 |
0 |
|a Real Unit Labor Costs Differentials in EMU+L4700 :
|b How Big, How Benign and How Reversible? /
|c Igor Lebrun, Esther Perez Ruiz.
|
| 264 |
|
1 |
|a Washington, D.C. :
|b International Monetary Fund,
|c 2011.
|
| 300 |
|
|
|a 1 online resource (27 pages)
|
| 490 |
1 |
|
|a IMF Working Papers
|
| 500 |
|
|
|a <strong>Off-Campus Access:</strong> No User ID or Password Required
|
| 500 |
|
|
|a <strong>On-Campus Access:</strong> No User ID or Password Required
|
| 506 |
|
|
|a Electronic access restricted to authorized BRAC University faculty, staff and students
|
| 520 |
3 |
|
|a Real unit labor costs (RULC) growth differentials between euro area members have persisted since EMU began and even widened out in the run-up to the crisis. This paper focuses on the causes underlying such dispersion. According to our empirical findings, persistent RULC growth differentials can be attributed to divergent evolutions in capital-output ratios, nominal effective exchange rates and country-specific institutional features, coupled with an increased sensitivity of RULC to fundamentals following the shift in the monetary regime. Because these RULC growth discrepancies in EMU partly result from heterogeneous structural characteristics, policy action seeking more homogenous regulation across the euro area can make a significant contribution to reduce them.
|
| 538 |
|
|
|a Mode of access: Internet
|
| 700 |
1 |
|
|a Perez Ruiz, Esther.
|
| 830 |
|
0 |
|a IMF Working Papers; Working Paper ;
|v No. 2011/109
|
| 856 |
4 |
0 |
|z Full text available on IMF
|u http://elibrary.imf.org/view/journals/001/2011/109/001.2011.issue-109-en.xml
|z IMF e-Library
|